000 00816nam a2200265Ia 4500
003 OSt
005 20221005081417.0
006 a|||||r|||| 00| 0
007 ta
008 221004b |||||||| |||| 00| 0 eng d
024 _a74797
037 _cTextual
040 _aCRL
_cCRL
_beng
041 _2eng
_aeng
082 _aG:(F)x, N5
100 _aVirgin Ivar and others
_9611033
110 _aRajiv Gandhi institute for contemporary studies
_9611034
245 0 _aBiosafety regulations in biotechnology
260 _aNew Delhi
_bRajiv Gandhi Institute For Contemporary Studies India
_c1995
300 _a22p
_ccm.
650 _aBIOLOGY
700 _aRajiv Gandhi institute for contemporary studies
_9611035
942 _hG:(F)x, N5
_cTEXL
_2cc
999 _c987649
_d987649